00713nam a2200253 a 4500001001300000003000900013005001700022008004100039020001000080082001600090100001800106245004600124250001400170260003300184300000900217500003500226505001500261650002200276700001800298902000800316942000700324952011300331999001500444nice12345678IN_TiNIC20260116012420.0050524s1977 hyda grp 000 0 eng  ac4.500a340.59bKHA aKhalelullah,  aRisala Tuhfatul Khalan Fi Masail-Ul-Islam a49th ed.  aHyderabadbHabib & Co,c1977 a208p aincludes index and biblioraphy2 aUrdu-Roman aIslamic-Law Shafi1 aKhalelullah,  bSRS cBK 001040708StackRoom-aHMIbHMId2007-05-03g4.50l0o340.59 KHAp010149r2007-05-03v4.50w2005-05-24yBK c6938d6938